00921 2200349 4500001002100000005001700021008004100038020002100079035002400100040001200124041000800136082001300144090001900157100002100176245004900197250001000246260003200256300003300288504002700321600002100348650003200369990001700401990001700418990001700435990001700452990001700469990001700486990001700503990001700520990001700537990001700554YOGYA-0113000000081120130111143850.0 ind  a978-979-333-45-8 0010-011300000000811 aYOPDYOG aInd a330.9598 a330.9598 Edy D aEDY SUANDI HAMID aDinamika ekonomi IndonesiacEDY SUANDI HAMID aCet.1 aYogyakartabUII Pressc2012 aXII, 176 hlmc21 cm (10 eks) aBibliografi: hlm. 167. aYuli Andriansyah aIndonesia - keadaan ekonomi a2460-PK/B.12 a2459-PK/B.12 a2458-PK/B.12 a2457-PK/B.12 a2456-PK/B.12 a2455-PK/B.12 a2454-PK/B.12 a2453-PK/B.12 a2452-PK/B.12 a2451-PK/B.12